000 00527nam a22001817a 4500
005 20251108165243.0
008 250721s1997 xx 000 0 ara d
082 1 4 _a613.25/فرن
100 1 _aفرنش، بربارا
245 1 0 _aالشره المرضي :
_bالبوليميا /
264 1 _aبيروت :
_bدار الآفاق الجديدة،
_c1997.
300 _a157ص
650 1 7 _aالبدانة
650 1 7 _aالريجيم
700 1 _aمعاد، ماريا
_eترجمة
942 _2ddc
_cBK
999 _c23312
_d23312